00346nam a2200133 a 45000010010000000030011000100080041000210350026000620820016000881000023001042450032001272600045001596500008002040000-9116ELIB.Books110520 1989  a(ELIB.Books)0000-9265 a231.3 bHag aHagin , Kenneth E. aUnderstanding the Anointing bTulsa: Faith Library Publications c1989 aGod